000 00370nam a2200145Ia 4500
008 210716s2003 xx 000 0 und d
041 _aeng
082 _a332.6 BALB
100 _aBaliga, B S.
245 _aFinance: management made simple.
_bManagement made simple.
250 _a1
260 _aMangalore
_bMangalore Press
_c2003
300 _a64
650 _aFinance
999 _c201800
_d201800